000 01149nam a2200229Ia 4500
001 L225-5059
003 IT-CnALBA
008 170116s9999||||xx |||||||||||||| ||und||
040 _aIT-CnALBA
_cIT-CnALBA
041 _aBILINGUE
100 _aGIOVANNI EVANGELISTA (SANTO)
245 0 _aCOMMENTARIO TEOLOGICO DEL NUOVO TESTAMENTO. VANGELO DI GIOVANNI. PARTE I.
250 _a1a ed.
260 _a BRESCIA
_bPAIDEIA EDITRICE
_c1973 [1° Ed.:1973 - Ed.Ling.Originale: 1965]
300 _a772 p. (prefazione: 78)
500 _aTESTO GRECO E TRADUZIONE ITALIANA DI GINOCECCHI. COMMENTO DI RODOLFO SCHNACKENBURG. CURATORE OMERO SOFFRITTI. INTRODUZIONE. TESTO TRADUZIONE COMMENTO. LOGOS IN GIOVANNI. TITOLI DI GESÙ. FEDE GIOVANNEA.
501 _aSocietà San Paolo EM - Piazza San Paolo, 14 - 12051 ALBA (CN) (non commercial uses only) ® Copyright 2017
520 _aTESTO GRECO E TRADUZIONE ITALIANA DI GINOCECCHI. COMMENTO DI RODOLFO SCHNACKENBURG. CURATORE OMERO SOFFRITTI. INTRODUZIONE. TESTO TRADUZIONE COMMENTO. LOGOS IN GIOVANNI. TITOLI DI GESÙ. FEDE GIOVANNEA.
650 _aNUOVO TESTAMENTO
942 _cBK
957 _71
999 _a6041
_bNO
_g Copie: 1
_c264249
_d264249